St. Paul's epistle to the Galatians. (Record no. 441)

000 -LEADER
fixed length control field 00603nam a2200181 a 4500
001 - CONTROL NUMBER
control field :::00013595$&:&@@
003 - CONTROL NUMBER IDENTIFIER
control field OkBaRHE
005 - DATE AND TIME OF LATEST TRANSACTION
control field 20100324120850.0
008 - FIXED-LENGTH DATA ELEMENTS--GENERAL INFORMATION
fixed length control field s1982 j 000 0 eng u
040 ## - CATALOGING SOURCE
Transcribing agency
100 1# - MAIN ENTRY--PERSONAL NAME
Personal name Lightfoot, J. B. (Joseph Barber), 1828-1889.
245 10 - TITLE STATEMENT
Title St. Paul's epistle to the Galatians.
260 ## - PUBLICATION, DISTRIBUTION, ETC. (IMPRINT)
Place of publication, distribution, etc Lynn, MA., :
Name of publisher, distributor, etc Hendrickson Publishers Inc.
Date of publication, distribution, etc 1982
300 ## - PHYSICAL DESCRIPTION
Extent 384 p. ;
Dimensions 23 cm.
650 ## - SUBJECT ADDED ENTRY--TOPICAL TERM
Topical term or geographic name as entry element Bible New Testament Galatians
General subdivision Commentaries
942 ## - ADDED ENTRY ELEMENTS (KOHA)
Source of classification or shelving scheme
Koha item type Books
Copies
Date acquired Source of classification or shelving scheme Price effective from Shelving location Koha item type Collection code Date last seen Permanent Location Not for loan Lost status Withdrawn status Copy number Full call number Barcode Damaged status
2010-04-14 2010-04-14General StacksBooksReference2018-04-03RHEMA Bible Training College   1BS 2685 .L513595